000
00201 a2200097 4500
020
_a
9780394829081
041
_a
eng
100
_a
beresntain,jan
245
_a
The Berenstain bears New Baby
942
_c
BK
999
_c
31815
_d
31813